| 000 | 00462nam a2200181Ia 4500 | ||
|---|---|---|---|
| 003 | GCL | ||
| 008 | 140319s9999 xx 000 0 ara d | ||
| 040 |
_aGCL / _cGCL |
||
| 082 | 0 | 4 |
_a923.9 _bن ر |
| 100 | 1 | _aنقولا زيادة | |
| 245 | 1 | 0 |
_aالرحالة العرب / _cنقولا زيادة |
| 300 | _a211 ص | ||
| 490 |
_aالالف كتاب _v0 |
||
| 650 | 0 | 4 | _aالعرب |
| 650 | 0 | 4 | _aالرحلات |
| 650 | 0 | 4 | _aالرحالة |
| 942 |
_2ddc _cBK |
||
| 999 |
_c45382 _d45382 |
||